| 000 | 01993cam a22004575a 4500 | ||
|---|---|---|---|
| 999 |
_c27469 _d27440 |
||
| 001 | ocn884423190 | ||
| 003 | EG-ScBUE | ||
| 005 | 20200128124328.0 | ||
| 008 | 140723s2013 cc a f 100 0 eng d | ||
| 020 | _a9787508526850 (pbk.) | ||
| 035 | _a(OCoLC)ocn884423190 | ||
| 035 | _a(OCoLC)884423190 | ||
| 040 |
_aSINLB _beng _erda _cSINLB _dOCLCO _dYUS _dEG-ScBUE |
||
| 041 | 1 |
_aeng _hchi |
|
| 043 | _aa-cc--- | ||
| 082 | 0 | 4 |
_a951.0072 _bCHI _222 |
| 111 | 2 |
_aWorld Forum on China Studies _n(5nd : _d2013 : _cShanghai zhan lan zhong xin) |
|
| 240 | 1 | 0 |
_a中国道路与前景 : 第五届世界中国学论坛实录. _lEnglish |
| 245 | 1 | 0 |
_aChina's road and prospect : _brecord of the 5th World Forum on China Studies = Zhongguo dao lu yu qian jing : di wu jie shi jie Zhongguo xue lun tan shi lu / _cedited by the Institute of China Studies, SASS ; translated by Pan Zhongming & Ego. |
| 246 | 3 | 0 | _aRecord of the 5th World Forum on China Studies |
| 246 | 3 | 1 |
_aZhongguo dao lu yu qian jing : _bdi wu jie shi jie Zhongguo xue lun tan shi lu |
| 250 | _6First edition. | ||
| 264 | 1 |
_aBeijing : _bChina Intercontinental Press, _c2013. |
|
| 300 |
_a387 pages : _billustrations ; _c27 cm |
||
| 336 |
_2rdacontent _atext _btxt |
||
| 337 |
_2rdamedia _aunmediated _bn |
||
| 338 |
_2rdacarrier _avolume _bnc |
||
| 546 | _aText in English ; translated from the original Chinese language. | ||
| 650 | 7 |
_aGlobalization _zChina _vCongresses. _2BUEsh |
|
| 651 | 7 |
_aChina _xCivilization _vCongresses. _2BUEsh |
|
| 651 | 7 |
_aChina _xHistory _vCongresses. _2BUEsh |
|
| 651 | 7 |
_aChina _xEconomic conditions _y2000- _vCongresses. _2BUEsh |
|
| 651 | 7 |
_aChina _xSocial conditions _y2000- _vCongresses. _2BUEsh |
|
| 653 |
_bGGEN _cMay2019 |
||
| 655 | _vReading book | ||
| 700 | 1 |
_aPan, Zhongming, _etranslator. |
|
| 700 | 0 |
_aEgo, _etranslator. |
|
| 710 | 2 |
_aShanghai academy of social sciences. _bWorld institute of chinese studies, _eeditor. |
|
| 942 |
_2ddc _cBB |
||